000 01085nam a2200301 a 4500
001 BRCA_3588
005 20190320204338.0
008 060809s1920----sp-#######---#000-0#spa-#
041 _aspaengfre
044 _asp
050 4 _aN7101
_b.T47 1920
245 1 0 _aEl tesoro artístico de España
_cJoaquin Folch y Torres, Arturo Rigol, Luis Pérez Bueno.
260 _aBarcelona, España
_bDavid
_c[1920]
300 _a1 v. (en varias paginaciones)
_bil., 85 láminas
_c21 cm.
500 _aB258
505 0 _aContenido: la cerámica. La escultura policromada / Joaquín Folch y Torres. -- Los viejos jardines / Arturo Rigol. -- El mueble / Luis Pérez Bueno
546 _aTexto en español, inglés y francés
650 1 4 _aArte
_zEspaña
_92064
650 1 4 _aCerámica
_zEspaña
_99314
650 1 4 _aEscultura
_zEspaña
_99315
650 1 4 _aMuebles
_zEspaña
_93568
650 1 4 _aJardines
_zEspaña
_99316
700 1 _aFolch y Torres, Joaquín
_ecoau
_99317
700 1 _aRigol, Arturo
_ecoau
_99318
700 1 _aPérez Bueno, Luis
_ecoau
_99319
902 _aGFM
942 _2lcc
_cB
999 _c3323
_d3323